Číše a meč, agrese a láska, aneb, Žena a muž v průběhu staletí / Riane Eislerová ; [z anglického originálu ... přeložila Magdalena Pechová]
Record details
- ISBN: 80-7106-095-X
- Physical Description: 329 s. : mapy ; 20 cm
- Publisher: Praha : NLN, Nakladatelství Lidové noviny, 1995
Content descriptions
| Bibliography, etc. Note: | Obsahuje bibliografické odkazy a rejstřík |
Search for related items by subject
| Subject: | člověk a společnost dějiny civilizace muži a ženy partnerské vztahy > dějiny |
| Genre: | populárně-naučné publikace |
Available copies
- 1 of 1 copy available at Common Catalog SPOK.
Holds
- 0 current holds with 1 total copy.
Show All Copies
| Location | Call Number / Copy Notes | Barcode | Shelving Location | Status | Due Date |
|---|---|---|---|---|---|
| Jabok Library | Soc-1.8.7 | 424480006108 | Odborná literatura | Available | - |
| LDR | 01422nam a2200373 4500 | ||
|---|---|---|---|
| 001 | 1647 | ||
| 003 | CZ-PrJAB | ||
| 005 | 20220425091812.0 | ||
| 007 | ta | ||
| 008 | 950410s1995 xr b e 001 0 cze | ||
| 015 | . | ‡acnb000104756 | |
| 020 | . | ‡a80-7106-095-X ‡q(brož.) : ‡cKč 113,00 | |
| 035 | . | ‡a(CZ PrNK)np9539995 | |
| 035 | . | ‡a(OCoLC)85666132 | |
| 040 | . | ‡aABA001 ‡bcze | |
| 041 | 1 | . | ‡acze ‡heng |
| 080 | . | ‡a17 ‡2undef | |
| 080 | . | ‡a316 ‡2undef | |
| 080 | . | ‡a008 ‡2undef | |
| 100 | 1 | . | ‡aEisler, Riane Tennenhaus ‡7jo2005314435 ‡4aut |
| 245 | 1 | 0. | ‡aČíše a meč, agrese a láska, aneb, Žena a muž v průběhu staletí / ‡cRiane Eislerová ; [z anglického originálu ... přeložila Magdalena Pechová] |
| 246 | 3 | 0. | ‡aŽena a muž v průběhu staletí |
| 260 | . | ‡aPraha : ‡bNLN, Nakladatelství Lidové noviny, ‡c1995 ‡e(Jihlava : ‡fEkon) | |
| 300 | . | ‡a329 s. : ‡bmapy ; ‡c20 cm | |
| 504 | . | ‡aObsahuje bibliografické odkazy a rejstřík | |
| 650 | 0 | 7. | ‡ačlověk a společnost ‡7ph116878 ‡2czenas |
| 650 | 0 | 7. | ‡adějiny civilizace ‡7ph137927 ‡2czenas |
| 650 | 0 | 7. | ‡amuži a ženy ‡7ph123061 ‡2czenas |
| 650 | 0 | 7. | ‡apartnerské vztahy ‡7ph115684 ‡xdějiny ‡2czenas |
| 655 | 7. | ‡apopulárně-naučné publikace ‡7fd131864 ‡2czenas | |
| 765 | 0 | . | ‡tChalice end the blade ‡9Česky |
| 910 | . | ‡aABG312 | |
| 901 | . | ‡a1647 ‡bUnknown ‡c1647 ‡tbiblio | |